00286nam a2200109Ia 4500008004100000020001800041082001400059100001800073245005000091260001500141500002000156260604s9999 xx 000 0 und d a9780141346847 a813.6 RIO aRiordan, Rick 0aPercy Jackson (2) : The Sea of Monsters (NEW) bPENGUIN UK aSea of Monsters